00304nam a22000737a 4500008004100000082001600041245016400057300000900221230602b xxu||||| |||| 00| 0 eng d a027.50bAKH aNational information and Informatics policies in Africabreport and proceedings of a regional seminar Held in Addis Ababa, Ethiopia 28 November-1 December 1988 a297p